00936nam a2200229 a 45000010005000000030010000050050017000150080041000320200015000730400025000880800020001132450222001332600034003553000025003895040025004146500044004396500046004836500049005297000037005787000039006157000052006541112BR-CuiBMT20231128203456.0231128s2005 peba 000 0 por d a8589019020 aBR-CuiBMTcBR-CuiBMT a657.6:6242200700aAuditoria de engenharia :buma contribuição do tribunal de contas do Estado de Pernambuco /cOrganizadores: Adolfo Luiz Souza de Sá, Gustavo Pimentel C. Pereira ; Autores: Adriana Osório de Barros ... [et al.] aRecife :bO Tribunal, c2005. a499 p. :bil.c23 cm ainclui bibliografia. aAuditoriaxObras públicaszPernambuco aTribunal de contasxAuditoriazPernambuco aEngenhariaxAuditoriaxControle de qualidade aSá, Adolfo Luiz Souza de4org. aPereira, Gustavo Pimentel C.4org. aBarros, Adriana Osório dee[et. al.]eautores